|
|
|
|
| LEADER |
00666nab a2200193 i 4500 |
| 001 |
acta26955 |
| 005 |
20210223155416.0 |
| 008 |
161017s1981 hu o 0|| hun d |
| 022 |
|
|
|a 1219-0039
|
| 040 |
|
|
|a SZTE Egyetemi Kiadványok Repozitórium
|b hun
|
| 041 |
|
|
|a hun
|
| 100 |
1 |
|
|a Balogh József
|
| 245 |
1 |
0 |
|a Hadnagy János
|h [elektronikus dokumentum] :
|b A környezetismeret tantárgypedagógiája /
|c Balogh József
|
| 260 |
|
|
|c 1981
|
| 300 |
|
|
|a 329-330
|
| 490 |
0 |
|
|a Módszertani közlemények
|v 21 No. 5
|
| 695 |
|
|
|a Neveléstudomány
|
| 700 |
0 |
1 |
|a Hadnagy János
|e aut
|
| 856 |
4 |
0 |
|u http://acta.bibl.u-szeged.hu/26955/1/modszertani_021_005_329-330.pdf
|z Dokumentum-elérés
|